Diagnosis of Sciatica based on Cross Sectional Study and Analysis / (Record no. 537870)

000 -LEADER
fixed length control field 00487nam a22001457a 4500
082 ## - DEWEY DECIMAL CLASSIFICATION NUMBER
Classification number 004
100 ## - MAIN ENTRY--PERSONAL NAME
Personal name Hussain, Fatima
245 ## - TITLE STATEMENT
Title Diagnosis of Sciatica based on Cross Sectional Study and Analysis /
Statement of responsibility, etc. Fatima Hussain
260 ## - PUBLICATION, DISTRIBUTION, ETC.
Place of publication, distribution, etc. Islamabad :
Name of publisher, distributor, etc. CEME - NUST,
Date of publication, distribution, etc. 2016.
300 ## - PHYSICAL DESCRIPTION
Extent Var. p. ;
Dimensions 30cm.
650 ## - SUBJECT ADDED ENTRY--TOPICAL TERM
Topical term or geographic name entry element Computer Software Engineering-MS-Thesis
700 ## - ADDED ENTRY--PERSONAL NAME
Personal name Dr. Muhammad Usman Akram
942 ## - ADDED ENTRY ELEMENTS (KOHA)
Source of classification or shelving scheme
Koha item type Thesis
650 ## - SUBJECT ADDED ENTRY--TOPICAL TERM
-- 16105
700 ## - ADDED ENTRY--PERSONAL NAME
-- 16084
Holdings
Withdrawn status Lost status Source of classification or shelving scheme Damaged status Not for loan Permanent Location Current Location Shelving location Date acquired Total Checkouts Full call number Barcode Date last seen Price effective from Koha item type
          Central Library (CL) Central Library (CL) Thesis 10/19/2020   004 CL-T-603 10/19/2020 10/19/2020 Thesis
© 2023 Central Library, National University of Sciences and Technology. All Rights Reserved.